Моделирование процесса каталитического крекинга с учетом изменения состава сырья и активности катализатора; Новые технологии в газовой промышленности (газ, нефть, энергетика)
| Parent link: | Новые технологии в газовой промышленности (газ, нефть, энергетика).— 2019.— [С. 406-407] |
|---|---|
| 1. Verfasser: | |
| Körperschaft: | |
| Weitere Verfasser: | , |
| Zusammenfassung: | Заглавие с экрана Разработана математическая модель процесса каталитического крекинга, учитывающая изменение группового состава перерабатываемого сырья и активности катализатора в отношении реакций, катализируемых цеолитами Y (AY) и ZSM-5 (AZSM). Применение модели обеспечивает получение практически значимых рекомендаций, направленных на увеличение выхода бензиновой фракции на 1,47-1,87 % (92,69-117,92 т/сут) в зависимости от состава сырья, степень дезактивации катализатора коксом составила 7,2-8,6 (AY) и 4,9-5,9 % (AZSM). The catalytic cracking process mathematical model taking into account the processed feedstock composition changes and the catalyst deactivation with respect to reactions catalyzed by Y (AY) and ZSM-5 (AZSM) zeolites was developed. The model application provides practically meaningful recommendations aimed at the gasoline fraction yield increasing by 1.47-1.87% (92.69-117.92 t/day) depending on the feedstock composition; the catalyst deactivation degree by coke was 7.2-8.6 (AY) and 4.9−5.9% (AZSM). |
| Sprache: | Russisch |
| Veröffentlicht: |
2019
|
| Schlagworte: | |
| Online-Zugang: | https://www.elibrary.ru/download/elibrary_43792133_72132851.pdf#page=406 |
| Format: | Elektronisch Buchkapitel |
| KOHA link: | https://koha.lib.tpu.ru/cgi-bin/koha/opac-detail.pl?biblionumber=663502 |
MARC
| LEADER | 00000naa0a2200000 4500 | ||
|---|---|---|---|
| 001 | 663502 | ||
| 005 | 20250813152305.0 | ||
| 035 | |a (RuTPU)RU\TPU\network\34672 | ||
| 035 | |a RU\TPU\network\34030 | ||
| 090 | |a 663502 | ||
| 100 | |a 20210217d2019 k y0rusy50 ca | ||
| 101 | 0 | |a rus | |
| 102 | |a RU | ||
| 135 | |a drcn ---uucaa | ||
| 181 | 0 | |a i | |
| 182 | 0 | |a b | |
| 200 | 1 | |a Моделирование процесса каталитического крекинга с учетом изменения состава сырья и активности катализатора |d Catalytic cracking process modeling considering feedstock composition changes and catalyst deactivation |f А. А. Орешина, Г. Ю. Назарова |g науч. рук. Е. Н. Ивашкина | |
| 203 | |a Текст |c электронный | ||
| 300 | |a Заглавие с экрана | ||
| 320 | |a [Библиогр.: 2 назв.] | ||
| 330 | |a Разработана математическая модель процесса каталитического крекинга, учитывающая изменение группового состава перерабатываемого сырья и активности катализатора в отношении реакций, катализируемых цеолитами Y (AY) и ZSM-5 (AZSM). Применение модели обеспечивает получение практически значимых рекомендаций, направленных на увеличение выхода бензиновой фракции на 1,47-1,87 % (92,69-117,92 т/сут) в зависимости от состава сырья, степень дезактивации катализатора коксом составила 7,2-8,6 (AY) и 4,9-5,9 % (AZSM). | ||
| 330 | |a The catalytic cracking process mathematical model taking into account the processed feedstock composition changes and the catalyst deactivation with respect to reactions catalyzed by Y (AY) and ZSM-5 (AZSM) zeolites was developed. The model application provides practically meaningful recommendations aimed at the gasoline fraction yield increasing by 1.47-1.87% (92.69-117.92 t/day) depending on the feedstock composition; the catalyst deactivation degree by coke was 7.2-8.6 (AY) and 4.9−5.9% (AZSM). | ||
| 463 | |t Новые технологии в газовой промышленности (газ, нефть, энергетика) |o тезисы докладов XIII Всероссийской конференции молодых ученых, специалистов и студентов, Москва, 22-25 октября 2019 |f Российский государственный университет нефти и газа им. И. М. Губкина |v [С. 406-407] |d 2019 | ||
| 510 | 1 | |a Catalytic cracking process modeling considering feedstock composition changes and catalyst deactivation |z eng | |
| 610 | 1 | |a электронный ресурс | |
| 610 | 1 | |a труды учёных ТПУ | |
| 610 | 1 | |a каталитический крекинг | |
| 610 | 1 | |a дистилляты | |
| 610 | 1 | |a катализаторы | |
| 610 | 1 | |a активность | |
| 610 | 1 | |a бензиновые фракции | |
| 700 | 1 | |a Орешина |b А. А. |g Александра Александровна | |
| 701 | 1 | |a Назарова |b Г. Ю. |c химик |c ассистент Томского политехнического университета, лаборант |f 1990- |g Галина Юрьевна |3 (RuTPU)RU\TPU\pers\35533 |9 18715 | |
| 702 | 1 | |a Ивашкина |b Е. Н. |c химик-технолог |c профессор Томского политехнического университета, доктор наук |f 1983- |g Елена Николаевна |4 727 | |
| 712 | 0 | 2 | |a Национальный исследовательский Томский политехнический университет |b Инженерная школа природных ресурсов |b Отделение химической инженерии |3 (RuTPU)RU\TPU\col\23513 |
| 801 | 1 | |a RU |b 63413507 |c 20141010 | |
| 801 | 2 | |a RU |b 63413507 |c 20210409 |g RCR | |
| 856 | 4 | |u https://www.elibrary.ru/download/elibrary_43792133_72132851.pdf#page=406 | |
| 942 | |c CF | ||